A description of the movement characteristics of two-year-old children performing the jump and reach /

Bibliographic Details
Main Author: Poe, Alison
Format: Thesis Book
Language:English
Published: [Place of publication not identified] : [publisher not identified] ; 1973.
Subjects:

MARC

Tag First Indicator Second Indicator Subfields
LEADER 00000cam a2200000 i 4500
001 in00000665267
005 20151015080222.0
008 750528r19751973orua bb 00010 eng d
035 |a (OCoLC)01357251 
035 |9 ACX6065AM 
040 |c MIA  |d TXA  |d UtOrBLW 
049 |a TXAI 
099 |a fiche  |a C  |a 1594 
100 1 |a Poe, Alison. 
245 1 2 |a A description of the movement characteristics of two-year-old children performing the jump and reach /  |c by Alison Poe. 
264 1 |a [Place of publication not identified] :  |b [publisher not identified] ;  |c 1973. 
300 |a 94 leaves :  |b illustrations ;  |c 29 cm. 
336 |a text  |b txt  |2 rdacontent 
337 |a microform  |b h  |2 rdamedia 
338 |a microfiche  |b he  |2 rdacarrier 
500 |a Microfiche (negative) of typescript. Eugene : Microform Publications, College of Health, Physical Education and Recreation, University of Oregon, 1975. -- 2 sheets ; 10.5 x 14.8 cm. 
502 |b M.S.  |c University of Wisconsin. 
504 |a Bibliography: leaves 80-84. 
500 |a Microform. 
650 0 |a Joints. 
650 0 |a Jumping. 
650 0 |a Child development. 
999 |a MARS 
999 f f |s 70d235cf-8eb1-30f8-bfd5-4cd1b4bf2cb1  |i b719b4c8-8583-3ae9-b5b5-ad481c280024  |t 0 
952 f f |p normal  |a Texas A&M University  |b College Station  |c Sterling C. Evans Library  |d Evans: Microforms (3rd floor)  |t 0  |e fiche C 1594  |h Other scheme  |i microform -- microfiche  |m A14820672612 
998 f f |a fiche C 1594  |t 0  |l Evans: Microforms (3rd floor)